Superclass : (Record no. 15264)

000 -LEADER
fixed length control field 03255cam a2200373 a 4500
001 - CONTROL NUMBER
control field 15004222
005 - DATE AND TIME OF LATEST TRANSACTION
control field 20170105102914.0
008 - FIXED-LENGTH DATA ELEMENTS--GENERAL INFORMATION
fixed length control field 070912s2008 nyu b 001 0 eng
010 ## - LIBRARY OF CONGRESS CONTROL NUMBER
LC control number 2007036569
020 ## - INTERNATIONAL STANDARD BOOK NUMBER
International Standard Book Number 9780374272104 (alk. paper)
020 ## - INTERNATIONAL STANDARD BOOK NUMBER
International Standard Book Number 0374272107 (alk. paper)
035 ## - SYSTEM CONTROL NUMBER
System control number (OCoLC)ocn166378239
035 ## - SYSTEM CONTROL NUMBER
System control number (OCoLC)166378239
040 ## - CATALOGING SOURCE
Original cataloging agency DLC
Transcribing agency DLC
Modifying agency BTCTA
-- BAKER
-- YDXCP
-- UPZ
-- C#P
-- BUR
-- DLC
050 00 - LIBRARY OF CONGRESS CALL NUMBER
Classification number HM1263
Item number .R68 2008
082 00 - DEWEY DECIMAL CLASSIFICATION NUMBER
Classification number 305.5/2
Edition number 22
100 1# - MAIN ENTRY--PERSONAL NAME
Personal name Rothkopf, David J.
Fuller form of name (David Jochanan),
Dates associated with a name 1955-
245 10 - TITLE STATEMENT
Title Superclass :
Remainder of title the global power elite and the world they are making /
Statement of responsibility, etc. David Rothkopf.
250 ## - EDITION STATEMENT
Edition statement 1st ed.
260 ## - PUBLICATION, DISTRIBUTION, ETC.
Place of publication, distribution, etc. New York :
Name of publisher, distributor, etc. Farrar, Straus and Giroux,
Date of publication, distribution, etc. 2008.
300 ## - PHYSICAL DESCRIPTION
Extent xxii, 376 p. ;
Dimensions 24 cm.
504 ## - BIBLIOGRAPHY, ETC. NOTE
Bibliography, etc. note Includes bibliographical references (p. [325]-355) and index.
505 0# - FORMATTED CONTENTS NOTE
Formatted contents note Introduction: The power élite on the promenade -- Each one is one in a million : meet the superclass -- Ceteris non paribus : inequality, backlash, and the New Order -- Lessons of history : the rise and fall of élites -- The multinational moment : when finance and business became the center of it all -- Globalists vs. nationalists : political fault line for a new century -- The Age of Asymmetry : decline of the titans and the rise of shadow warriors -- The information superclass : the power of ideas -- How to become a member of the superclass : myth, reality, and the psychopathology of success -- The future of the superclass--and what it may mean for the rest of us.
520 ## - SUMMARY, ETC.
Summary, etc. They number six thousand on a planet of six billion. They run our governments, our largest corporations, the powerhouses of international finance, the media, world religions, and, from the shadows, the world's most dangerous criminal and terrorist organizations. They are the global superclass, and they are shaping the history of our time. Today's superclass has achieved unprecedented levels of wealth and power. They have globalized more rapidly than any other group. But do they have more in common with one another than with their own countrymen, as nationalist critics have argued? Has their influence fed the growing economic and social inequity that divides the world? Who sets the rules for a group that operates beyond national laws? Drawn from exclusive interviews and extensive original reporting, this book draws back the curtain on a privileged society that most of us know little about, even though it profoundly affects our lives.--From publisher description.
650 #0 - SUBJECT ADDED ENTRY--TOPICAL TERM
Topical term or geographic name entry element Elite (Social sciences)
650 #0 - SUBJECT ADDED ENTRY--TOPICAL TERM
Topical term or geographic name entry element Power (Social sciences)
856 41 - ELECTRONIC LOCATION AND ACCESS
Materials specified Table of contents only
Uniform Resource Identifier <a href="http://www.loc.gov/catdir/toc/ecip0727/2007036569.html">http://www.loc.gov/catdir/toc/ecip0727/2007036569.html</a>
856 42 - ELECTRONIC LOCATION AND ACCESS
Materials specified Publisher description
Uniform Resource Identifier <a href="http://www.loc.gov/catdir/enhancements/fy0801/2007036569-d.html">http://www.loc.gov/catdir/enhancements/fy0801/2007036569-d.html</a>
856 42 - ELECTRONIC LOCATION AND ACCESS
Materials specified Contributor biographical information
Uniform Resource Identifier <a href="http://www.loc.gov/catdir/enhancements/fy0801/2007036569-b.html">http://www.loc.gov/catdir/enhancements/fy0801/2007036569-b.html</a>
856 41 - ELECTRONIC LOCATION AND ACCESS
Materials specified Sample text
Uniform Resource Identifier <a href="http://www.loc.gov/catdir/enhancements/fy0828/2007036569-s.html">http://www.loc.gov/catdir/enhancements/fy0828/2007036569-s.html</a>
906 ## - LOCAL DATA ELEMENT F, LDF (RLIN)
a 7
b cbc
c orignew
d 1
e ecip
f 20
g y-gencatlg
942 ## - ADDED ENTRY ELEMENTS (KOHA)
Source of classification or shelving scheme
Koha item type Book
Holdings
Withdrawn status Lost status Damaged status Not for loan Collection code Permanent Location Current Location Shelving location Date acquired Total Checkouts Full call number Barcode Date last seen Price effective from Koha item type
          Centre for International Peace & Stability (CIPS) Centre for International Peace & Stability (CIPS) General Stacks 10/02/2013   305.52 ROT 2008 CIPS0002272 11/25/2013 11/25/2013 Book
© 2023 Central Library, National University of Sciences and Technology. All Rights Reserved.